000 00506nam a2200181Ia 4500
001 18460
005 20260306171632.0
008 260306s9999||||xx |||||||||||||| ||und||
041 _aESP
082 _a658.4052
_bF58N
100 _aFlint, Pinkas
_eAUT
245 0 _aNegociación integral texto impreso:
_bHerramienta eficaz para la Resolución de Conflictos y la Creación de Valor
260 _c2007
300 _a573 páginas :
_ccm.
650 _aGEN
654 _aCAN
942 _cLIB
_dJUS
_fJUS
_2ddc
_n
999 _c18460
_d18460